00534nam a22001697a 450000500170000001000150001702000260003203500140005803700130007208200110008510000240009624500620012026000450018227000640022730000230029150000500031420200218130821.0 aENG-127901 c695.00a9780199493623 aEN-111433 bDBAD/PUB a336.54 aReddy, Y.Venugopal  aIndian fiscal federalism/cby Y.V. Reddy [and] G.R. Reddy aNew Delhic2019bOxford University Press a2/11 Ground Floor,Ansari Road,Dariyaganje110002bNew Delhi axvii;273p.b22(hb) aincludes bibliographical references and index